Hildron Finance Ltd v Greenhill Hampstead Ltd (Record no. 79944)
[ view plain ]
| 000 -LEADER | |
|---|---|
| fixed length control field | 01948cab a22002175a 4500 |
| 001 - CONTROL NUMBER | |
| control field | L142798 |
| 008 - FIXED-LENGTH DATA ELEMENTS--GENERAL INFORMATION | |
| fixed length control field | 080311e20080110xxk f w 000 0 eng d |
| 035 ## - SYSTEM CONTROL NUMBER | |
| System control number | (Sirsi) u142798 |
| 041 0# - LANGUAGE CODE | |
| Language code of text/sound track or separate title | eng |
| 245 00 - TITLE STATEMENT | |
| Title | Hildron Finance Ltd v Greenhill Hampstead Ltd |
| Medium | [electronic resource] |
| 260 ## - PUBLICATION, DISTRIBUTION, ETC. | |
| Date of publication, distribution, etc. | 2008 |
| 520 ## - SUMMARY, ETC. | |
| Summary, etc. | LRA 120 2006, 10 January 2008. Considers whether, in a leasehold valuation tribunal, the generic five percent deferment rate set by the case of Earl Cadogan v Sportelli should be departed from in an area marginally outside the area known as prime central London. The landlord (H) appealed against a valuation of its interest in a property. The respondent company (G) had been nominee purchaser of a block of flats in Hampstead. The tribunal allowed a deferment rate of seven percent. H contended that the precedent set by the Sportelli case should apply and that the deferment rate should be five percent. "Held": The decision in the Sportelli case had been aimed at setting a generic deferment rate for properties in prime central London. Although Hampstead was not within this area, the court saw no reason to depart from the level that had been set in that case. Appeal allowed. The deferment was reduced to five percent and the valuation of the landlord's interest increased accordingly. |
| 590 ## - LOCAL NOTE (RLIN) | |
| Local note | KA |
| 650 24 - SUBJECT ADDED ENTRY--TOPICAL TERM | |
| Topical term or geographic name entry element | HILDRON FINANCE LTD V GREENHILL HAMPSTEAD LTD |
| 650 24 - SUBJECT ADDED ENTRY--TOPICAL TERM | |
| Topical term or geographic name entry element | EARL CADOGAN AND ANOTHER V SPORTELLI AND ANOTHER |
| 651 #4 - SUBJECT ADDED ENTRY--GEOGRAPHIC NAME | |
| Geographic name | England and Wales |
| Chronological subdivision | 1543- |
| 690 ## - LOCAL SUBJECT ADDED ENTRY--TOPICAL TERM (OCLC, RLIN) | |
| Topical term or geographic name as entry element | PROPERTY-RESIDENTIAL PROPERTY-LEASEHOLD RESIDENTIAL PROPERTY-RESIDENTIAL LANDLORD AND TENANT-RESIDENTIAL LEASES-RESIDENTIAL LEASEHOLD ENFRANCHISEMENT |
| 690 ## - LOCAL SUBJECT ADDED ENTRY--TOPICAL TERM (OCLC, RLIN) | |
| Topical term or geographic name as entry element | MANAGEMENT-DISPUTE AVOIDANCE, MANAGEMENT AND RESOLUTION-DISPUTE MANAGEMENT AND RESOLUTION-TRIBUNALS-LEASEHOLD VALUATION TRIBUNALS |
| 856 40 - ELECTRONIC LOCATION AND ACCESS | |
| Uniform Resource Identifier | <a href="https://www.landstribunal.gov.uk/aspx/view.aspx?id=486">https://www.landstribunal.gov.uk/aspx/view.aspx?id=486</a> |
| Public note | View the judgment free of charge at www.landstribunal.gov.uk... |
| 942 ## - ADDED ENTRY ELEMENTS (KOHA) | |
| Suppress in OPAC | 0 |
| Withdrawn status | Lost status | Source of classification or shelving scheme | Damaged status | Not for loan | Home library | Current library | Shelving location | Date acquired | Total Checkouts | Full call number | Barcode | Date last seen | Copy number | Price effective from | Koha item type |
|---|---|---|---|---|---|---|---|---|---|---|---|---|---|---|---|
| Dewey Decimal Classification | Virtual | Virtual | Online | 11/03/2008 | ONLINE PUBLICATION | 142798-1001 | 06/08/2019 | 1 | 06/08/2019 | Law report |